Earth issues reader (Record no. 14810)

MARC details
000 -LEADER
fixed length control field 00716nam a2200253Ia 4500
003 - CONTROL NUMBER IDENTIFIER
control field IN-BaIIA
008 - FIXED-LENGTH DATA ELEMENTS--GENERAL INFORMATION
fixed length control field 211028s9999 xx 000 0 eng d
020 ## - INTERNATIONAL STANDARD BOOK NUMBER
International Standard Book Number 0-7167-4370-1
040 ## - CATALOGING SOURCE
Transcribing agency IIA Library
080 ## - UNIVERSAL DECIMAL CLASSIFICATION NUMBER
Universal Decimal Classification number 551.2
Item number PRE
100 ## - MAIN ENTRY--PERSONAL NAME
Personal name Press, F
9 (RLIN) 26664
245 #0 - TITLE STATEMENT
Title Earth issues reader
Remainder of title for understanding Earth and environmental geology
Statement of responsibility, etc. F. Press…[et al.]
260 ## - PUBLICATION, DISTRIBUTION, ETC.
Place of publication, distribution, etc. New York
Name of publisher, distributor, etc. W. H. Freeman
Date of publication, distribution, etc. 2001
300 ## - PHYSICAL DESCRIPTION
Extent 132p.
650 ## - SUBJECT ADDED ENTRY--TOPICAL TERM
Topical term or geographic name entry element Coastal development
9 (RLIN) 26665
650 ## - SUBJECT ADDED ENTRY--TOPICAL TERM
Topical term or geographic name entry element Energy
9 (RLIN) 1942
650 ## - SUBJECT ADDED ENTRY--TOPICAL TERM
Topical term or geographic name entry element Open spaces
9 (RLIN) 26666
650 ## - SUBJECT ADDED ENTRY--TOPICAL TERM
Topical term or geographic name entry element Recycling
9 (RLIN) 26667
700 ## - ADDED ENTRY--PERSONAL NAME
Personal name De Wet, A
9 (RLIN) 26668
700 ## - ADDED ENTRY--PERSONAL NAME
Personal name Menking, K
9 (RLIN) 26669
700 ## - ADDED ENTRY--PERSONAL NAME
Personal name Merritts, D
9 (RLIN) 26670
700 ## - ADDED ENTRY--PERSONAL NAME
Personal name Siever, R
9 (RLIN) 26671
942 ## - ADDED ENTRY ELEMENTS (KOHA)
Koha item type Books
Holdings
Withdrawn status Lost status Damaged status Not for loan Home library Current library Shelving location Date acquired Total Checkouts Full call number Barcode Date last seen Price effective from Koha item type
        IIA Library-Bangalore IIA Library-Bangalore General Stacks 22/10/2002   551.2/ PRE 15732 05/11/2021 22/10/2002 Books

Powered by Koha